000 00648nam a2200205 4500
001 116569
003 ES-MaACL
005 20230906190729.0
007 t|
008 061121s1970 sp r ||||1| spa d
100 1 _aPaulus, Jean.
_989663
245 1 4 _aLos fundamentos de la Psicología /
_cJean Paulus ; lo tradujo Juan José Echeveste.
260 _aMadrid :
_bGuadarrama,
_c1970.
300 _a224 p. ;
_c19 cm.
490 1 _aPsicología y ciencias humanas ;
_v7
700 1 _aEcheveste, Juan José.
_946592
830 0 _aPsicología y ciencias humanas ;
_v7
_9182632
852 _aES-MaACL
_jC-39923
_bR.76334
999 _c116569
_d116569